Brazil Footballers 100 or International Caps - Sudden Death - Statistics

General Stats
  • This quiz has been taken 161 times
  • The average score is 2 of 8
Answers on the Grid
Answers color-coded by a green-red scale on the quiz's grid according to % correct below.
Aldair
Bebeto
Cafu
Casemiro
Cláudio Taffarel
Dani Alves
David Luiz
Dida
Djalma Santos
Dunga
Emerson
Gilberto Silva
Juan
Júlio César
Kaká
Lúcio
Maicon
Marcelo
Marquinhos
Neymar
Pelé
Rivaldo
Rivelinho
Roberto Carlos
Robinho
Romário
Ronaldinho
Ronaldo
Sócrates
Thiago Silva
Zé Roberto
Zico
 
Answer Stats
Answer % Correct
Cafu
72%
Dani Alves
39%
Neymar
34%
Thiago Silva
22%
Roberto Carlos
18%
Cláudio Taffarel
16%
Lúcio
2%
Robinho
1%
No matching quizzes found
Score Distribution
Percent of People with Each Score
Percentile by Number Answered
Your Score History
You have not taken this quiz